Vodohospodárska bilancia z hľadiska zdrojov závlahovej vody v rámci plánov integrovaného manažmentu povodí Slovenska
Vodná politika EÚ. Závlahy a potreba vodných zdrojov. Sucho a nedostatok vody v povodí. Pôdne, hydrologické a hydrogeologické sucho.
Na minha lista:
| Autor principal: | |
|---|---|
| Outros Autores: | |
| Formato: | Capítulo de Livro |
| Idioma: | eslovaco |
| Assuntos: | |
| Tags: |
Sem tags, seja o primeiro a adicionar uma tag!
|
MARC
| LEADER | 00000naa a2200000 4500 | ||
|---|---|---|---|
| 001 | 0238962 | ||
| 005 | 20220805074625.5 | ||
| 041 | 0 | |a slo | |
| 044 | |a SK | ||
| 245 | 1 | 0 | |a Vodohospodárska bilancia z hľadiska zdrojov závlahovej vody v rámci plánov integrovaného manažmentu povodí Slovenska |c Štefan Adam, Štefan Rehák |
| 520 | |a Vodná politika EÚ. Závlahy a potreba vodných zdrojov. Sucho a nedostatok vody v povodí. Pôdne, hydrologické a hydrogeologické sucho. | ||
| 610 | 2 | 0 | |a vodohospodárstvo |
| 610 | 2 | 0 | |a voda |
| 610 | 2 | 0 | |a zavlažovanie |
| 610 | 2 | 0 | |a sucho |
| 610 | 2 | 0 | |a Európska únia |
| 610 | 2 | 0 | |a smernice |
| 610 | 2 | 0 | |a integrácia |
| 610 | 2 | 0 | |a plánovanie |
| 100 | 1 | |a Adam, Štefan | |
| 700 | 1 | |a Rehák, Štefan | |